Ekspluatacija vakuum-nasosov v mjasnoj i moločnoj promyšlennosti.
Uložené v:
| Hlavný autor: | |
|---|---|
| Médium: | Kniha |
| Jazyk: | Slovak |
| Vydané: |
Moskva,
1955.
|
| Fyzický popis: |
104 s. |
| Tagy: |
Pridať tag
Žiadne tagy, Buďte prvý kto otaguje tento záznam!
|
Titul je dostupný aj v ... 

MARC
| LEADER | 00000nam a22000004a 4500 | ||
|---|---|---|---|
| 001 | 000608279 | ||
| 005 | 20190204183858.0 | ||
| 008 | 190204s1955 xo e 000 0 slo d | ||
| 040 | |a SVKKK |b slo |c SVKKK |e AACR2 | ||
| 100 | 1 | |a Pelejev, A. I. | |
| 245 | 1 | 0 | |a Ekspluatacija vakuum-nasosov v mjasnoj i moločnoj promyšlennosti. |
| 260 | |a Moskva, |c 1955. | ||
| 300 | |a 104 s. | ||
| 500 | |a Záznam revízie | ||
| 910 | |a svkkk | ||
| 998 | |a BK | ||
| 090 | |g SCKHL |k Sklad Pribinova 2. posch. |a III.23900 |j 107579 |i 2720613358 |4 Zastaraná |s Vyradená | ||